|
|
|
|
| LEADER |
00891nam a22002297a 4500 |
| 001 |
42050 |
| 003 |
BD-DhAAL |
| 008 |
240110t1965 nyua|||| |||| 001 0 eng d |
| 040 |
|
|
|a BD-DhAAL
|c BD-DhAAL
|
| 082 |
|
|
|a 901.9
|
| 245 |
|
|
|a The humanistic tradition /
|c edited by Sarah Herndon and others.
|
| 264 |
|
|
|a New York :
|b Holt, Rinehart and Winston,
|c c1965.
|
| 300 |
|
|
|a xii, 466 pages :
|b illustrations ;
|c 24 cm.
|
| 504 |
|
|
|a Includes bibliographical references and index.
|
| 526 |
|
|
|a BIED
|
| 541 |
|
|
|a Complimentary copy from BIED
|e 42050
|
| 650 |
|
|
|a Civilization
|x History.
|
| 700 |
|
|
|a Herndon, Sarah.
|9 55909
|
| 852 |
|
|
|a Ayesha Abed Library
|c General Stacks
|
| 942 |
|
|
|2 ddc
|c BK
|
| 999 |
|
|
|c 46287
|d 46287
|
| 952 |
|
|
|0 0
|1 0
|2 ddc
|4 0
|6 901_900000000000000_HUM
|7 0
|9 74930
|a BRACUL
|b BRACUL
|c GEN
|d 2024-01-10
|e Complimentary copy from BIED
|l 0
|o 901.9 HUM
|p 3010042050
|r 2024-01-10
|t 1
|w 2024-01-10
|y BK
|x BIED-3113
|